[Event "Silkway Cup"]
[Site "T#646345FIDE"]
[Date "2020.05.26"]
[Round "5"]
[White "Shak"]
[Black "KTsa"]
[Result "1-0"]
[WhiteElo "1854"]
[BlackElo "1617"]
[Annotator "NA"]
[PlyCount "119"]
[EventDate "2020.05.26"]
[EventType "swiss (blitz)"]

1. d4 {[%emt 0:00:04]} Nf6 {[%emt 0:00:02]} 2. c4 {[%emt 0:00:02]} e6 {[%emt 0:00:01]} 3. Nc3 {[%emt 0:00:01]} d6 {[%emt 0:00:02]} 4. e4 {[%emt 0:00:04]} g6 {[%emt 0:00:01]} 5. Be3 {[%emt 0:00:11]} Bg7 {[%emt 0:00:02]} 6. Qd2 {[%emt 0:00:01]} Nbd7 {[%emt 0:00:02]} 7. O-O-O {[%emt 0:00:02]} h5 {[%emt 0:00:03]} 8. h3 {[%emt 0:00:03]} c6 {[%emt 0:00:03]} 9. e5 {[%emt 0:00:02]} dxe5 {[%emt 0:00:07]} 10. dxe5 {[%emt 0:00:00]} Nh7 {[%emt 0:00:05]} 11. f4 {[%emt 0:00:01]} Qc7 {[%emt 0:00:07]} 12. Nf3 {[%emt 0:00:01]} b6 {[%emt 0:00:11]} 13. Ne4 {[%emt 0:00:01]} O-O {[%emt 0:00:10]} 14. g4 {[%emt 0:00:02]} h4 {[%emt 0:00:22]} 15. g5 {[%emt 0:00:17]} c5 {[%emt 0:00:10]} 16. Nf6+ {[%emt 0:00:05]} Ndxf6 {[%emt 0:00:16]} 17. gxf6 {[%emt 0:00:00]} Nxf6 {[%emt 0:00:01]} 18. exf6 {[%emt 0:00:02]} Bxf6 {[%emt 0:00:00]} 19. Bg2 {[%emt 0:00:05]} Bb7 {[%emt 0:00:02]} 20. Qd7 {[%emt 0:00:01]} Qxd7 {[%emt 0:00:11]} 21. Rxd7 {[%emt 0:00:00]} Bc6 {[%emt 0:00:00]} 22. Rd6 {[%emt 0:00:01]} Be4 {[%emt 0:00:01]} 23. Nxh4 {[%emt 0:00:04]} Bxg2 {[%emt 0:00:26]} 24. Nxg2 {[%emt 0:00:01]} Kg7 {[%emt 0:00:01]} 25. b3 {[%emt 0:00:04]} Rh8 {[%emt 0:00:01]} 26. Kc2 {[%emt 0:00:03]} Be7 {[%emt 0:00:03]} 27. Rd7 {[%emt 0:00:02]} Bf6 {[%emt 0:00:01]} 28. Bd2 {[%emt 0:00:02]} a5 {[%emt 0:00:04]} 29. a4 {[%emt 0:00:04]} Rh5 {[%emt 0:00:13]} 30. Bc3 {[%emt 0:00:03]} Rah8 {[%emt 0:00:02]} 31. h4 {[%emt 0:00:01]} Bxc3 {[%emt 0:00:09]} 32. Kxc3 {[%emt 0:00:00]} g5 {[%emt 0:00:06]} 33. fxg5 {[%emt 0:00:06]} Rxg5 {[%emt 0:00:01]} 34. hxg5 {[%emt 0:00:03]} Rxh1 {[%emt 0:00:02]} 35. Nf4 {[%emt 0:00:00]} e5 {[%emt 0:00:15]} 36. Nd5 {[%emt 0:00:01]} Rg1 {[%emt 0:00:04]} 37. Kd3 {[%emt 0:00:09]} Rxg5 {[%emt 0:00:08]} 38. Ke4 {[%emt 0:00:01]} Rg3 {[%emt 0:00:05]} 39. Ne3 {[%emt 0:00:01]} Kg6 {[%emt 0:00:10]} 40. Rd6+ {[%emt 0:00:01]} Kg5 {[%emt 0:00:01]} 41. Rxb6 {[%emt 0:00:02]} Rg1 {[%emt 0:00:05]} 42. Kxe5 {[%emt 0:00:04]} f5 {[%emt 0:00:06]} 43. Nxf5 {[%emt 0:00:08]} Re1+ {[%emt 0:00:02]} 44. Kd5 {[%emt 0:00:01]} Kxf5 {[%emt 0:00:01]} 45. Kxc5 {[%emt 0:00:01]} Rb1 {[%emt 0:00:03]} 46. Rb5 {[%emt 0:00:02]} Ke6 {[%emt 0:00:01]} 47. Kb6 {[%emt 0:00:01]} Kd6 {[%emt 0:00:02]} 48. Kxa5 {[%emt 0:00:01]} Kc6 {[%emt 0:00:01]} 49. Kb4 {[%emt 0:00:00]} Rh1 {[%emt 0:00:03]} 50. a5 {[%emt 0:00:00]} Rh8 {[%emt 0:00:01]} 51. Rb6+ {[%emt 0:00:00]} Kc7 {[%emt 0:00:01]} 52. Kb5 {[%emt 0:00:00]} Rh3 {[%emt 0:00:01]} 53. b4 {[%emt 0:00:01]} Ra3 {[%emt 0:00:01]} 54. c5 {[%emt 0:00:00]} Ra1 {[%emt 0:00:01]} 55. a6 {[%emt 0:00:00]} Kc8 {[%emt 0:00:01]} 56. Rb7 {[%emt 0:00:01]} Rb1 {[%emt 0:00:03]} 57. Rh7 {[%emt 0:00:02]} Kb8 {[%emt 0:00:01]} 58. c6 {[%emt 0:00:02]} Rc1 {[%emt 0:00:05]} 59. Kb6 {[%emt 0:00:02]} Rc4 {[%emt 0:00:08]} 60. Rh8# {[%emt 0:00:02] (Lag: Av=0.76s, max=1.4s)} 1-0

[Event "Silkway Cup"]
[Site "T#646345FIDE"]
[Date "2020.05.26"]
[Round "5"]
[White "Nanadzagnidze"]
[Black "Kutiktau"]
[Result "1/2-1/2"]
[WhiteElo "1820"]
[BlackElo "2717"]
[Annotator "TA"]
[PlyCount "212"]
[EventDate "2020.05.26"]
[EventType "swiss (blitz)"]

{[%evp 11,212,2,22,14,30,31,27,23,47,47,35,40,41,43,37,35,22,41,55,50,191,201,198,177,232,229,229,230,231,225,223,215,299,305,306,300,298,301,284,226,321,267,320,300,327,327,362,347,379,355,375,325,379,372,344,344,392,391,383,381,386,382,381,359,404,391,391,386,376,391,429,419,411,454,487,0,495,441,440,439,563,445,441,381,368,416,399,361,537,533,533,518,522,0,506,513,777,768,646,396,396,376,587,583,29967,520,490,0,0,-756,109,109,460,128,116,88,90,88,131,114,131,131,131,88,131,116,116,116,116,116,131,131,131,131,131,131,131,131,131,0,131,104,114,76,116,57,131,33,43,43,102,106,116,43,65,43,43,43,43,43,51,33,38,38,38,8,8,8,8,8,8,8,8,8,8,8,8,8,8,8,8,8,8,8,8,8,8,0,8,8,8,8,8,8,8,8,8,8,8,8,8,8,8]} 1. d4 Nf6 2. Nf3 c5 3. c4 cxd4 4. Nxd4 a6 5. Nc3 e6 6. e3 Qc7 7. Be2 {A32: Symmetrical English: 2 Nf3 Nf6 3 d4 cxd4 4 Nxd4 e6.} b6 8. O-O Bb7 9. b3 {White has an edge.} b5 10. Bb2 bxc4 {[#]} 11. Rc1 $146 ({Predecessor:} 11. Bxc4 d5 12. Be2 Bd6 13. h3 O-O 14. Rc1 Qe7 15. Rc2 Nbd7 16. Qa1 Rac8 17. Rfc1 {0-1 (48) Nielsen,J (2101)-Nilsson,S (2223) Skovlunde 2006}) 11... Nc6 12. Bxc4 Be7 13. Be2 O-O 14. Na4 $36 {[%mdl 2048] White is pushing.} Qa5 15. Bf3 {[%cal Rf3c6]} Nd5 {[#]} (15... Rac8 $14) 16. Nf5 $1 $18 {[%mdl 512]} Bf6 (16... exf5 17. Bxd5) 17. Nd6 Rab8 (17... Bxb2 $142 18. Nxb7 Qc7 19. Nxb2 Qxb7 20. Bxd5 exd5 21. Qxd5 Qb5 22. Qxd7 Nb4 23. Qxb5 axb5) 18. Bxd5 Bxb2 19. Bxc6 $1 ({Don't do} 19. Nxb2 $6 exd5 20. Nd3 Ne7 $16) 19... Bxc1 20. Nxb7 Qc7 21. Qxc1 {Hoping for Bf3.} dxc6 22. Nbc5 Ra8 23. Rd1 Rfd8 24. h3 Rd5 25. Rd4 h6 (25... Rad8 $142 26. Rxd5 (26. Nxa6 Rxd4 27. exd4 Qa5 $16) 26... cxd5) 26. Qc3 a5 27. Nd3 Rad8 28. Rxd5 Rxd5 29. Nac5 Qd8 30. a4 Qb6 31. Qc4 Rd8 32. e4 Qc7 33. g3 Qd6 34. Kg2 Rb8 35. Qc3 Ra8 36. Ne5 Qc7 37. Ncd3 Rd8 38. Nc4 Ra8 39. Kf3 Qd8 40. Ke2 Qg5 41. Qe5 Qd8 42. Qc5 Qf6 43. Qe5 $2 ({Better is} 43. Nxa5 $18 Qa1 44. Ke3) 43... Qe7 $2 {[%mdl 8192]} (43... Qd8 $1 $11 {and Black is okay.} 44. Qc3 Qc7) 44. h4 Qd8 45. Qc5 Qf6 46. e5 Qf5 47. Nd6 Qg4+ 48. Ke3 Rb8 49. Qc3 g5 (49... Qd1 $142 50. Nc5 (50. Qxa5 Rxb3 51. Qd2 Qa1 $14) 50... g5 51. hxg5 (51. Qxa5 g4 $18) 51... hxg5) 50. hxg5 Qxg5+ 51. Ke2 Qg4+ 52. Ke3 Qg5+ $1 53. Kf3 Qh5+ (53... h5 $142 54. Qxc6 Qg4+ 55. Ke3 Qg5+ 56. Ke2 Qg7) 54. Kg2 Qd1 55. b4 axb4 56. Nxb4 Qxa4 (56... c5 $142) 57. Nxc6 Rb3 58. Qc1 (58. Ne7+ $142 Kf8 59. Qc7 Qa8+ 60. Nc6 Kg8 61. Qxf7+ {[%mdl 64] Double Attack} Kh8 62. Qf6+ {[%mdl 64] Double Attack} Kh7 63. Qe7+ Kh8 64. Nf7+ {[%mdl 64] Double Attack} Kg8 65. Nxh6+ Kh8 66. Nf7+ Kg8 67. Qxe6) 58... Qg4 {And now ...Qf3+ would win.} 59. Qc2 $2 ({Only move:} 59. Ne7+ $18 Kg7 60. Qc6) 59... Qf3+ $11 60. Kg1 $2 {[%mdl 8192] [#]} (60. Kh3 $11) 60... Rc3 $2 (60... Rd3 $1 $19 61. Qxd3 Qxd3) 61. Nd4 $16 {Qd2 is the strong threat.} Qd3 $2 {[%mdl 8192]} (61... Rxc2 $16 {is a better chance.} 62. Nxf3 Rb2) 62. Qxd3 $2 (62. Qa4 $18 {is the precise move to win. Intending Qe8+ and mate.} Rc1+ 63. Kh2) 62... Rxd3 63. Ne2 (63. Nc6 {feels hotter.} f6 64. Ne8 fxe5 65. Nf6+ Kf8 66. Kg2) 63... Rd5 64. f4 Rd3 65. Kf2 Ra3 66. Ne4 Kg7 67. Nd4 Kg6 68. Nf3 Ra2+ 69. Ke3 Ra3+ 70. Ke2 Kf5 71. Nf6 {[%cal Rf3h4]} Ra2+ 72. Kf1 {[%cal Rf3h4]} Kg6 73. Nh4+ Kg7 74. Nh5+ Kf8 75. Nf6 Kg7 76. Ne4 Ra4 77. Nf2 Ra2 78. Kg2 (78. Ng4 $16) 78... Ra3 (78... h5 $14) 79. g4 (79. Ng4 $16) 79... Ra2 80. Kg3 Ra3+ ({Black should play} 80... h5 $1 $14) 81. Nf3 Kg6 {[#]} 82. Ne4 (82. Nh3 $1 $16) 82... h5 $1 $14 83. gxh5+ Kxh5 84. Nd6 Kg6 85. Kg4 Ra1 86. Ng5 Rg1+ 87. Kf3 f6 88. Nxe6 fxe5 {The position is equal.} 89. fxe5 Re1 90. Nf4+ Kg5 91. Ne4+ Kf5 {[%mdl 64] Double Attack} 92. Ng3+ Kxe5 93. Nd3+ Kd4 94. Nxe1 Kc5 95. Ne4+ Kd5 96. Ke3 Ke5 97. Nf3+ Kd5 98. Kf4 Kc4 99. Ke3 Kd5 100. Nc3+ Kc4 101. Kd2 Kc5 102. Kd3 $1 Kd6 103. Kd4 Ke6 104. Ke4 Kd6 105. Nd4 Kc5 106. Na4+ Kc4 {Quite a comeback for White. Accuracy: White = 72%, Black = 57%.} 1/2-1/2

[Event "Silkway Cup"]
[Site "T#646345FIDE"]
[Date "2020.05.26"]
[Round "5"]
[White "Skoffee"]
[Black "Ati1517"]
[Result "1-0"]
[WhiteElo "1815"]
[BlackElo "1596"]
[Annotator "NA"]
[PlyCount "37"]
[EventDate "2020.05.26"]
[EventType "swiss (blitz)"]

1. e4 {[%emt 0:00:01]} e5 {[%emt 0:00:02]} 2. Nf3 {[%emt 0:00:01]} Nc6 {[%emt 0:00:01]} 3. d4 {[%emt 0:00:01]} exd4 {[%emt 0:00:01]} 4. Nxd4 {[%emt 0:00:00]} Nf6 {[%emt 0:00:16]} 5. Nxc6 {[%emt 0:00:04]} bxc6 {[%emt 0:00:05]} 6. e5 {[%emt 0:00:01]} Nd5 {[%emt 0:00:04]} 7. c4 {[%emt 0:00:02]} Nb6 {[%emt 0:00:01]} 8. Nc3 {[%emt 0:00:07]} Bb4 {[%emt 0:00:11]} 9. Qg4 {[%emt 0:00:10]} Bf8 {[%emt 0:00:18]} 10. Bg5 {[%emt 0:00:06]} Be7 {[%emt 0:00:01]} 11. Bxe7 {[%emt 0:00:07]} Qxe7 {[%emt 0:00:01]} 12. Qxg7 {[%emt 0:00:01]} Rf8 {[%emt 0:00:00]} 13. Be2 {[%emt 0:00:05]} Ba6 {[%emt 0:00:01]} 14. c5 {[%emt 0:00:11]} Nc4 {[%emt 0:00:20]} 15. O-O {[%emt 0:00:16]} Qxc5 {[%emt 0:00:19]} 16. Ne4 {[%emt 0:00:05]} Qb4 {[%emt 0:00:06]} 17. Nf6+ {[%emt 0:00:06]} Kd8 {[%emt 0:00:02]} 18. Rad1 {[%emt 0:00:12]} Kc8 {[%emt 0:00:12]} 19. b3 {[%emt 0:00:02] Ati1517 resigns (Lag: Av=1.11s, max=7.9s)} 1-0

[Event "Silkway Cup"]
[Site "T#646345FIDE"]
[Date "2020.05.26"]
[Round "5"]
[White "Misi_95"]
[Black "Sandrika"]
[Result "1-0"]
[WhiteElo "1808"]
[BlackElo "1606"]
[Annotator "NA"]
[PlyCount "57"]
[EventDate "2020.05.26"]
[EventType "swiss (blitz)"]

1. e4 {[%emt 0:00:02]} c5 {[%emt 0:00:03]} 2. Nf3 {[%emt 0:00:01]} Nc6 {[%emt 0:00:01]} 3. Bb5 {[%emt 0:00:01]} e6 {[%emt 0:00:01]} 4. Bxc6 {[%emt 0:00:02]} bxc6 {[%emt 0:00:01]} 5. d3 {[%emt 0:00:01]} Ne7 {[%emt 0:00:01]} 6. h4 {[%emt 0:00:02]} Qc7 {[%emt 0:00:06]} 7. h5 {[%emt 0:00:03]} h6 {[%emt 0:00:08]} 8. Qe2 {[%emt 0:00:05]} e5 {[%emt 0:00:02]} 9. a3 {[%emt 0:00:16]} a5 {[%emt 0:00:07]} 10. Nbd2 {[%emt 0:00:04]} d6 {[%emt 0:00:01]} 11. Nc4 {[%emt 0:00:07]} a4 {[%emt 0:00:08]} 12. Bd2 {[%emt 0:00:26]} Be6 {[%emt 0:00:02]} 13. Ne3 {[%emt 0:00:07]} f5 {[%emt 0:00:23]} 14. exf5 {[%emt 0:00:03]} Nxf5 {[%emt 0:00:01]} 15. Nxf5 {[%emt 0:00:07]} Bxf5 {[%emt 0:00:01]} 16. Nh4 {[%emt 0:00:01]} Qf7 {[%emt 0:00:09]} 17. f4 {[%emt 0:00:07]} O-O-O {[%emt 0:00:18]} 18. fxe5 {[%emt 0:00:03]} Re8 {[%emt 0:00:02]} 19. Bc3 {[%emt 0:00:06]} Bh7 {[%emt 0:00:21]} 20. Qg4+ {[%emt 0:00:16]} Kb7 {[%emt 0:00:14]} 21. Qxa4 {[%emt 0:00:32]} Qxh5 {[%emt 0:00:13]} 22. O-O {[%emt 0:00:10]} Be7 {[%emt 0:00:12]} 23. Nf3 {[%emt 0:00:01]} d5 {[%emt 0:00:05]} 24. b4 {[%emt 0:00:05]} c4 {[%emt 0:00:07]} 25. b5 {[%emt 0:00:12]} Ra8 {[%emt 0:00:11]} 26. bxc6+ {[%emt 0:00:01]} Kc7 {[%emt 0:00:03]} 27. Ba5+ {[%emt 0:00:07]} Kc8 {[%emt 0:00:01]} 28. Qb5 {[%emt 0:00:01]} Ra7 {[%emt 0:00:10]} 29. Rab1 {[%emt 0:00:04] Sandrika resigns (Lag: Av=0.49s, max=0.9s)} 1-0

[Event "Silkway Cup"]
[Site "T#646345FIDE"]
[Date "2020.05.26"]
[Round "5"]
[White "S-melia"]
[Black "gb_23"]
[Result "1/2-1/2"]
[WhiteElo "1786"]
[BlackElo "1749"]
[Annotator "NA"]
[PlyCount "114"]
[EventDate "2020.05.26"]
[EventType "swiss (blitz)"]

1. e4 {[%emt 0:00:02]} c5 {[%emt 0:00:05]} 2. Nf3 {[%emt 0:00:03]} d6 {[%emt 0:00:18]} 3. Bb5+ {[%emt 0:00:02]} Nd7 {[%emt 0:00:03]} 4. O-O {[%emt 0:00:04]} Ngf6 {[%emt 0:00:04]} 5. d4 {[%emt 0:00:01]} cxd4 {[%emt 0:00:08]} 6. Qxd4 {[%emt 0:00:00]} a6 {[%emt 0:00:08]} 7. Bxd7+ {[%emt 0:00:03]} Bxd7 {[%emt 0:00:01]} 8. Nc3 {[%emt 0:00:03]} e5 {[%emt 0:00:35]} 9. Qd3 {[%emt 0:00:03]} h6 {[%emt 0:00:17]} 10. Nd2 {[%emt 0:00:11]} b5 {[%emt 0:00:02]} 11. Rd1 {[%emt 0:00:10]} Be7 {[%emt 0:00:06]} 12. Nf1 {[%emt 0:00:02]} O-O {[%emt 0:00:03]} 13. Ne3 {[%emt 0:00:02]} Be6 {[%emt 0:00:01]} 14. Ncd5 {[%emt 0:00:11]} Bxd5 {[%emt 0:00:03]} 15. Nxd5 {[%emt 0:00:01]} Nxd5 {[%emt 0:00:01]} 16. Qxd5 {[%emt 0:00:00]} Qc7 {[%emt 0:00:01]} 17. c3 {[%emt 0:00:04]} Rab8 {[%emt 0:00:04]} 18. Be3 {[%emt 0:00:15]} Rfc8 {[%emt 0:00:03]} 19. h3 {[%emt 0:00:13]} Qc4 {[%emt 0:00:09]} 20. Qxc4 {[%emt 0:00:15]} bxc4 {[%emt 0:00:11]} 21. Rab1 {[%emt 0:00:07]} Rb5 {[%emt 0:00:01]} 22. f3 {[%emt 0:00:36]} Rcb8 {[%emt 0:00:01]} 23. Rd2 {[%emt 0:00:03]} f6 {[%emt 0:00:02]} 24. Kf2 {[%emt 0:00:01]} Kf7 {[%emt 0:00:01]} 25. Ke2 {[%emt 0:00:01]} Ke6 {[%emt 0:00:01]} 26. Kd1 {[%emt 0:00:01]} Ra5 {[%emt 0:00:03]} 27. b3 {[%emt 0:00:07]} Ra3 {[%emt 0:00:09]} 28. Rdb2 {[%emt 0:00:05]} cxb3 {[%emt 0:00:27]} 29. axb3 {[%emt 0:00:02]} d5 {[%emt 0:00:06]} 30. exd5+ {[%emt 0:00:02]} Kxd5 {[%emt 0:00:00]} 31. Kc2 {[%emt 0:00:02]} Rc8 {[%emt 0:00:09]} 32. Rd1+ {[%emt 0:00:07]} Ke6 {[%emt 0:00:01]} 33. c4 {[%emt 0:00:20]} a5 {[%emt 0:00:06]} 34. Bc1 {[%emt 0:00:10]} a4 {[%emt 0:00:06]} 35. Rb1 {[%emt 0:00:12]} axb3+ {[%emt 0:00:12]} 36. Rxb3 {[%emt 0:00:17]} Rxc4+ {[%emt 0:00:02]} 37. Kb2 {[%emt 0:00:01]} Rxb3+ {[%emt 0:00:01]} 38. Kxb3 {[%emt 0:00:00]} Rc8 {[%emt 0:00:01]} 39. Be3 {[%emt 0:00:05]} f5 {[%emt 0:00:01]} 40. Ra1 {[%emt 0:00:08]} Bf6 {[%emt 0:00:09]} 41. Ra6+ {[%emt 0:00:01]} Kf7 {[%emt 0:00:01]} 42. Ra7+ {[%emt 0:00:02]} Kg6 {[%emt 0:00:01]} 43. g4 {[%emt 0:00:03]} fxg4 {[%emt 0:00:04]} 44. hxg4 {[%emt 0:00:00]} Rc6 {[%emt 0:00:12]} 45. Rd7 {[%emt 0:00:02]} Rc8 {[%emt 0:00:01]} 46. Ra7 {[%emt 0:00:01]} Kh7 {[%emt 0:00:01]} 47. Rd7 {[%emt 0:00:02]} Kg8 {[%emt 0:00:01]} 48. Kb4 {[%emt 0:00:02]} Kf8 {[%emt 0:00:03]} 49. Bc5+ {[%emt 0:00:03]} Kg8 {[%emt 0:00:01]} 50. Kc4 {[%emt 0:00:01]} Kh7 {[%emt 0:00:01]} 51. Kd5 {[%emt 0:00:01]} Kg6 {[%emt 0:00:01]} 52. Be3 {[%emt 0:00:02]} Ra8 {[%emt 0:00:02]} 53. Ke4 {[%emt 0:00:02]} Ra4+ {[%emt 0:00:01]} 54. Kd3 {[%emt 0:00:01]} Ra3+ {[%emt 0:00:01]} 55. Ke4 {[%emt 0:00:01]} Ra4+ {[%emt 0:00:01]} 56. Kd3 {[%emt 0:00:01] S-melia offers a draw} Ra2 {[%emt 0:00:07]} 57. Ke4 {[%emt 0:00:03]} Ra4+ {[%emt 0:00:01] (Lag: Av=1.15s, max=7.0s)} 1/2-1/2

[Event "Silkway Cup"]
[Site "T#646345FIDE"]
[Date "2020.05.26"]
[Round "5"]
[White "Kranke07"]
[Black "Ka ch"]
[Result "1-0"]
[WhiteElo "1761"]
[BlackElo "2236"]
[Annotator "NA"]
[PlyCount "107"]
[EventDate "2020.05.26"]
[EventType "swiss (blitz)"]

1. e4 {[%emt 0:00:03]} d6 {[%emt 0:00:01]} 2. d4 {[%emt 0:00:01]} Nf6 {[%emt 0:00:00]} 3. Nc3 {[%emt 0:00:01]} e5 {[%emt 0:00:01]} 4. Nf3 {[%emt 0:00:01]} Nbd7 {[%emt 0:00:01]} 5. Bc4 {[%emt 0:00:03]} Be7 {[%emt 0:00:01]} 6. O-O {[%emt 0:00:01]} O-O {[%emt 0:00:02]} 7. a4 {[%emt 0:00:01]} a5 {[%emt 0:00:02]} 8. Re1 {[%emt 0:00:05]} c6 {[%emt 0:00:02]} 9. h3 {[%emt 0:00:07]} h6 {[%emt 0:00:01]} 10. dxe5 {[%emt 0:00:09]} Nxe5 {[%emt 0:00:09]} 11. Nxe5 {[%emt 0:00:04]} dxe5 {[%emt 0:00:00]} 12. Be3 {[%emt 0:00:01]} Qc7 {[%emt 0:00:13]} 13. Qf3 {[%emt 0:00:09]} Nh7 {[%emt 0:00:10]} 14. Ne2 {[%emt 0:00:07]} Ng5 {[%emt 0:00:10]} 15. Bxg5 {[%emt 0:00:01]} Bxg5 {[%emt 0:00:02]} 16. Rad1 {[%emt 0:00:01]} Qb6 {[%emt 0:00:11]} 17. Qc3 {[%emt 0:00:55]} Bf6 {[%emt 0:00:41]} 18. Ng3 {[%emt 0:00:09]} Qb4 {[%emt 0:00:24]} 19. Nh5 {[%emt 0:00:50]} Bg5 {[%emt 0:00:24]} 20. Qxe5 {[%emt 0:00:08]} Bf6 {[%emt 0:00:16]} 21. Nxf6+ {[%emt 0:00:08]} gxf6 {[%emt 0:00:01]} 22. Qd4 {[%emt 0:00:05]} Qe7 {[%emt 0:00:17]} 23. Rd3 {[%emt 0:00:06]} Be6 {[%emt 0:00:04]} 24. Rg3+ {[%emt 0:00:01]} Kh7 {[%emt 0:00:06]} 25. Bd3 {[%emt 0:00:04]} Rg8 {[%emt 0:00:04]} 26. Ree3 {[%emt 0:00:06]} Rad8 {[%emt 0:00:05]} 27. e5+ {[%emt 0:00:01]} f5 {[%emt 0:00:02]} 28. Qf4 {[%emt 0:00:01]} Rg5 {[%emt 0:00:04]} 29. h4 {[%emt 0:00:06]} Rg6 {[%emt 0:00:12]} 30. h5 {[%emt 0:00:09]} Rg5 {[%emt 0:00:01]} 31. Rxg5 {[%emt 0:00:02]} Qxg5 {[%emt 0:00:04]} 32. Qxg5 {[%emt 0:00:03]} hxg5 {[%emt 0:00:01]} 33. Rf3 {[%emt 0:00:00]} Kh6 {[%emt 0:00:06]} 34. Bxf5 {[%emt 0:00:01]} g4 {[%emt 0:00:02]} 35. Bxg4 {[%emt 0:00:10]} Bxg4 {[%emt 0:00:03]} 36. Rxf7 {[%emt 0:00:01]} Rd7 {[%emt 0:00:03]} 37. Rf6+ {[%emt 0:00:04]} Kh7 {[%emt 0:00:06]} 38. h6 {[%emt 0:00:03]} Re7 {[%emt 0:00:01]} 39. f3 {[%emt 0:00:01]} Bh5 {[%emt 0:00:03]} 40. g4 {[%emt 0:00:03]} Bg6 {[%emt 0:00:02]} 41. f4 {[%emt 0:00:00]} Bxc2 {[%emt 0:00:03]} 42. e6 {[%emt 0:00:01]} Bg6 {[%emt 0:00:02]} 43. f5 {[%emt 0:00:01]} Be8 {[%emt 0:00:03]} 44. Kf2 {[%emt 0:00:02]} c5 {[%emt 0:00:01]} 45. g5 {[%emt 0:00:02]} c4 {[%emt 0:00:03]} 46. Ke3 {[%emt 0:00:01]} b5 {[%emt 0:00:02]} 47. axb5 {[%emt 0:00:01]} a4 {[%emt 0:00:01]} 48. Kd4 {[%emt 0:00:02]} Rc7 {[%emt 0:00:01]} 49. Kc3 {[%emt 0:00:05]} Rb7 {[%emt 0:00:01]} 50. Rf8 {[%emt 0:00:01]} Bxb5 {[%emt 0:00:01]} 51. Rf7+ {[%emt 0:00:01]} Rxf7 {[%emt 0:00:04]} 52. exf7 {[%emt 0:00:00]} a3 {[%emt 0:00:00]} 53. f8=Q {[%emt 0:00:01]} a2 {[%emt 0:00:00]} 54. Qg7# {[%emt 0:00:00] (Lag: Av=0.55s, max=1.0s)} 1-0

[Event "Silkway Cup"]
[Site "T#646345FIDE"]
[Date "2020.05.26"]
[Round "5"]
[White "Mammadzada"]
[Black "Meri-Arabidze"]
[Result "1/2-1/2"]
[WhiteElo "1684"]
[BlackElo "1685"]
[Annotator "NA"]
[PlyCount "129"]
[EventDate "2020.05.26"]
[EventType "swiss (blitz)"]

1. e4 {[%emt 0:00:04]} c5 {[%emt 0:00:02]} 2. Nf3 {[%emt 0:00:01]} e6 {[%emt 0:00:01]} 3. d4 {[%emt 0:00:01]} cxd4 {[%emt 0:00:01]} 4. Nxd4 {[%emt 0:00:00]} Nc6 {[%emt 0:00:01]} 5. Nc3 {[%emt 0:00:02]} a6 {[%emt 0:00:01]} 6. Nxc6 {[%emt 0:00:09]} bxc6 {[%emt 0:00:02]} 7. Bd3 {[%emt 0:00:01]} d5 {[%emt 0:00:04]} 8. O-O {[%emt 0:00:02]} Nf6 {[%emt 0:00:01]} 9. Re1 {[%emt 0:00:25]} Bb7 {[%emt 0:00:02]} 10. Qf3 {[%emt 0:00:31]} Be7 {[%emt 0:00:19]} 11. Qg3 {[%emt 0:00:04]} g6 {[%emt 0:00:29]} 12. Bh6 {[%emt 0:00:10]} d4 {[%emt 0:00:15]} 13. Na4 {[%emt 0:00:14]} c5 {[%emt 0:00:02]} 14. b3 {[%emt 0:00:09]} Rc8 {[%emt 0:00:19]} 15. Nb2 {[%emt 0:00:06]} Qc7 {[%emt 0:00:12]} 16. Bf4 {[%emt 0:00:12]} Qd8 {[%emt 0:00:02]} 17. Bh6 {[%emt 0:00:04]} Qc7 {[%emt 0:00:01]} 18. e5 {[%emt 0:00:12]} Nd5 {[%emt 0:00:06]} 19. Nc4 {[%emt 0:00:03]} Rd8 {[%emt 0:00:10]} 20. Qh3 {[%emt 0:00:06]} Bf8 {[%emt 0:00:16]} 21. Nd6+ {[%emt 0:00:30]} Rxd6 {[%emt 0:00:05]} 22. exd6 {[%emt 0:00:00]} Qxd6 {[%emt 0:00:01]} 23. Bxf8 {[%emt 0:00:06]} Kxf8 {[%emt 0:00:02]} 24. Qg3 {[%emt 0:00:17]} Qxg3 {[%emt 0:00:04]} 25. hxg3 {[%emt 0:00:01]} h5 {[%emt 0:00:02]} 26. Be4 {[%emt 0:00:03]} Ke7 {[%emt 0:00:02]} 27. Rac1 {[%emt 0:00:08]} Kd6 {[%emt 0:00:05]} 28. Red1 {[%emt 0:00:13]} Rb8 {[%emt 0:00:07] '} 29. c3 {[%emt 0:00:03]} e5 {[%emt 0:00:05]} 30. cxd4 {[%emt 0:00:01]} cxd4 {[%emt 0:00:05]} 31. Bxd5 {[%emt 0:00:00]} Bxd5 {[%emt 0:00:02]} 32. f3 {[%emt 0:00:00]} f6 {[%emt 0:00:07]} 33. Rc2 {[%emt 0:00:01]} a5 {[%emt 0:00:03]} 34. Rdc1 {[%emt 0:00:01]} f5 {[%emt 0:00:12]} 35. Rc8 {[%emt 0:00:03]} Rxc8 {[%emt 0:00:06]} 36. Rxc8 {[%emt 0:00:00]} e4 {[%emt 0:00:00]} 37. Kf2 {[%emt 0:00:02]} Ke5 {[%emt 0:00:04]} 38. Re8+ {[%emt 0:00:02]} Kd6 {[%emt 0:00:06]} 39. Rd8+ {[%emt 0:00:01]} Ke5 {[%emt 0:00:05]} 40. Rd7 {[%emt 0:00:03]} Bc6 {[%emt 0:00:07]} 41. Ra7 {[%emt 0:00:01]} e3+ {[%emt 0:00:03]} 42. Ke2 {[%emt 0:00:04]} Bb5+ {[%emt 0:00:04]} 43. Ke1 {[%emt 0:00:00]} Bd3 {[%emt 0:00:17]} 44. Rxa5+ {[%emt 0:00:01]} Kd6 {[%emt 0:00:00]} 45. Ra4 {[%emt 0:00:03]} Kc5 {[%emt 0:00:01]} 46. a3 {[%emt 0:00:03]} g5 {[%emt 0:00:02]} 47. Ra5+ {[%emt 0:00:01]} Kd6 {[%emt 0:00:03]} 48. b4 {[%emt 0:00:05]} Bc2 {[%emt 0:00:02]} 49. Ra8 {[%emt 0:00:05]} d3 {[%emt 0:00:02]} 50. Rd8+ {[%emt 0:00:01]} Ke5 {[%emt 0:00:01]} 51. b5 {[%emt 0:00:01]} d2+ {[%emt 0:00:02]} 52. Ke2 {[%emt 0:00:01]} Ba4 {[%emt 0:00:03]} 53. b6 {[%emt 0:00:04]} d1=Q+ {[%emt 0:00:04]} 54. Rxd1 {[%emt 0:00:02]} Bxd1+ {[%emt 0:00:00]} 55. Kxd1 {[%emt 0:00:00]} Kd6 {[%emt 0:00:00]} 56. a4 {[%emt 0:00:01]} f4 {[%emt 0:00:02]} 57. gxf4 {[%emt 0:00:01]} gxf4 {[%emt 0:00:01]} 58. Ke2 {[%emt 0:00:03]} h4 {[%emt 0:00:01]} 59. a5 {[%emt 0:00:02]} Kc6 {[%emt 0:00:01]} 60. Kd3 {[%emt 0:00:01]} Kb7 {[%emt 0:00:02]} 61. Ke2 {[%emt 0:00:02]} Ka6 {[%emt 0:00:01]} 62. Ke1 {[%emt 0:00:01]} Kb7 {[%emt 0:00:01]} 63. Ke2 {[%emt 0:00:00]} Ka6 {[%emt 0:00:01]} 64. Ke1 {[%emt 0:00:00]} Kb7 {[%emt 0:00:01]} 65. Ke2 {[%emt 0:00:01] (Lag: Av=0.87s, max=2.4s)} 1/2-1/2